| 000 | 01068nam a2200253 i 4500 | ||
|---|---|---|---|
| 003 | EG-ScBUE | ||
| 005 | 20231122105540.0 | ||
| 008 | 100825s1978 xx af b 000 0bara d | ||
| 040 |
_aEG-ScBUE _bara _erda _cEG-ScBUE _dEG-ScBUE |
||
| 082 | 0 | 4 |
_222 _a953.8053092 _bج هـ ن |
| 100 | 1 |
_917700 _aالجهني، عيد مسعود، _eمؤلف. |
|
| 245 | 1 | 2 |
_aالملك البطل / _cعيد مسعود الجهني، مستشار قانوني. |
| 250 | _aالطبعة الثانية. | ||
| 264 | 1 |
_a[مكان النشر غير محدد] : _bعيد مسعود الجهني، _c[1978] |
|
| 300 |
_a351 صفحة ؛ _c24 سم |
||
| 336 |
_2rdacontent _aنص _btxt |
||
| 337 |
_aبدون وسيط _2rdamedia _bn |
||
| 338 |
_aمجلد _bnc _2rdacarrier |
||
| 504 | _aيشتمل على إرجاعات ببليوجرافية. | ||
| 541 |
_aألف باء ؛ _cشراء ؛ |
||
| 651 | 7 |
_2BUEsh _aالسعودية _xتاريخ _yالعصر الحديث _yفيصل بن عبد العزيز (1383-1395 هـ/1964-1975 م.). |
|
| 655 | _vReading book | ||
| 942 |
_2ddc _cBB |
||
| 999 |
_c14692 _d14692 |
||